[Event "Bourbon Lancy op"]
[Site "Bourbon Lancy"]
[Date "1998.10.27"]
[Round "5"]
[White "Lupu, Mircea Sergiu"]
[Black "Blanvillain, Philippe"]
[Result "1-0"]
[WhiteElo "2520"]
[BlackElo "2260"]
[PlyCount "89"]
[EventDate "1998.10.??"]
[EventType "swiss"]
[EventRounds "9"]
[EventCountry "FRA"]
[SourceTitle "EXT 2000"]
[Source "ChessBase"]
[SourceDate "1999.11.16"]
[SourceVersion "1"]
[SourceVersionDate "1999.11.16"]
[SourceQuality "1"]

1. g3 d5 2. Bg2 Nf6 3. d3 g6 4. Nd2 c6 5. Ngf3 Bg7 6. 0-0 0-0 7. c4 Nbd7 8. Qc2 e5 9. e3 Re8 10. b3 e4 11. dxe4 Nxe4 12. Bb2 Nxd2 13. Nxd2 Nf6 14. cxd5 Nxd5 15. Bxg7 Kxg7 16. e4 Nc7 17. Nc4 Qe7 18. Rad1 Qc5 19. Rd2 Kg8 20. Qb2 Be6 21. Nd6 Reb8 22. e5 Nd5 23. Rc1 Qb6 24. Rd4 Qd8 25. Qd2 Qe7 26. f4 Rf8 27. h3 f6 28. Kh2 fxe5 29. fxe5 Qg7 30. Re1 Rad8 31. Ne4 Kh8 32. Nf6 Qe7 33. Bxd5 Bxd5 34. Nxd5 Rxd5 35. Rxd5 cxd5 36. Qxd5 Rf2+ 37. Kg1 Rxa2 38. e6 Kg8 39. h4 Rc2 40. b4 Rc8 41. Kh2 Rd8 42. Qc4 Rd6 43. Re2 Rb6 44. Qc5 Rd6 45. Qxd6 1-0

[Event "FRA-chB"]
[Site "Meribel"]
[Date "1998.??.??"]
[Round "10"]
[White "Seret, Jean Luc"]
[Black "Blanvillain, Philippe"]
[Result "1-0"]
[WhiteElo "2375"]
[BlackElo "2235"]
[PlyCount "31"]
[EventDate "1998.08.??"]
[EventType "swiss"]
[EventRounds "10"]
[EventCountry "FRA"]
[SourceTitle "EXT 2000"]
[Source "ChessBase"]
[SourceDate "1999.11.16"]
[SourceVersion "1"]
[SourceVersionDate "1999.11.16"]
[SourceQuality "1"]

1. b3 c5 2. Bb2 Nc6 3. e3 e6 4. Nf3 Nf6 5. Bb5 Be7 6. 0-0 0-0 7. d4 a6 8. Bxc6 bxc6 9. dxc5 Bxc5 10. Nbd2 d5 11. c4 Bb7 12. Qc2 Rc8 13. Ng5 g6 14. Qc3 Be7 15. Nde4 Kg7 16. Nxf6 1-0

[Event "Bourbon Lancy op"]
[Site "Bourbon Lancy"]
[Date "1997.??.??"]
[Round "6"]
[White "Pigusov, Evgeny"]
[Black "Blanvillain, Philippe"]
[Result "1-0"]
[WhiteElo "2560"]
[BlackElo "2160"]
[PlyCount "101"]
[EventDate "1997.10.25"]
[EventType "swiss"]
[EventRounds "11"]
[EventCountry "FRA"]
[SourceTitle "CBM 062 Extra"]
[Source "ChessBase"]
[SourceDate "1998.03.09"]
[SourceVersion "1"]
[SourceVersionDate "1998.03.09"]
[SourceQuality "1"]

1. Nf3 Nf6 2. c4 c5 3. g3 Nc6 4. Bg2 g6 5. Nc3 Bg7 6. d4 cxd4 7. Nxd4 0-0 8. 0-0 Nxd4 9. Qxd4 d6 10. Qd3 Rb8 11. Be3 b6 12. Bd4 Bb7 13. e4 Kh8 14. Rad1 a6 15. Rfe1 e5 16. Be3 Ne8 17. Nd5 Bxd5 18. cxd5 b5 19. Bh3 Bf6 20. Qd2 Be7 21. Rc1 f5 22. Rc6 a5 23. Rec1 Rf7 24. Qc2 Ng7 25. Rc8 Rxc8 26. Qxc8 Rf8 27. Qxd8 Rxd8 28. Rc7 Bf8 29. Ra7 a4 30. Rb7 Rc8 31. Rxb5 Rc2 32. Rb8 Kg8 33. Bh6 Kf7 34. a3 fxe4 35. Be6+ Nxe6 36. dxe6+ Kxe6 37. Bxf8 d5 38. Rb6+ Kf5 39. Bg7 Rc7 40. Bh6 d4 41. h3 e3 42. fxe3 d3 43. Rb4 Rc1+ 44. Kf2 e4 45. g4+ Kf6 46. Rd4 Rb1 47. h4 Kf7 48. Bg5 Kf8 49. Bd8 Rxb2+ 50. Kg3 Rb3 51. Ba5 1-0